书目信息 |
| 题名: |
冀东民歌合唱作品精编
|
|
| 作者: | 郭文德 编著 | |
| 分册: | ||
| 出版信息: | 北京 中央音乐学院出版社 2013 |
|
| 页数: | 161页 | |
| 开本: | 30cm | |
| 丛书名: | ||
| 单 册: | ||
| 中图分类: | J642.222.2 | |
| 科图分类: | ||
| 主题词: | 民歌--合唱--作品集--河北 , 民歌 , 合唱 | |
| 电子资源: | ||
| ISBN: | 978-7-81096-536-1 | |
| 000 | 00877nam0 2200265 450 | |
| 001 | 006642227 | |
| 005 | 20140609111644.20 | |
| 010 | @a978-7-81096-536-1@dCNY50.00 | |
| 100 | @a20130606d2013 em y0chiy0110 ea | |
| 101 | 0 | @achi |
| 102 | @aCN@b110000 | |
| 105 | @aag z 000yy | |
| 106 | @ar | |
| 200 | 1 | @a冀东民歌合唱作品精编@9ji dong min ge he chang zuo pin jing bian@f郭文德编著 |
| 210 | @a北京@c中央音乐学院出版社@d2013 | |
| 215 | @a161页@c照片@d30cm | |
| 300 | @a中国民歌 | |
| 330 | @a本书论述了冀东民歌的起源与发展、冀东民歌的体裁与题材、冀东民歌的特点与演唱风格,还对部分冀东民歌谱例进行分析。全书收录24首作品,采用五线谱,并配有钢琴伴奏谱。 | |
| 606 | 0 | @a民歌@x合唱@x作品集@y河北 |
| 606 | 0 | @a民歌 |
| 606 | 0 | @a合唱 |
| 690 | @aJ642.222.2@v5 | |
| 701 | 0 | @a郭文德@9guo wen de@4编著 |
| 801 | 0 | @aCN@bNLC@c20130719 |
| 905 | @b547886-88@dJ642.222.2@e235@f3 | |
| 冀东民歌合唱作品精编/郭文德编著.-北京:中央音乐学院出版社,2013 |
| 161页:照片;30cm |
| 中国民歌 |
| ISBN 978-7-81096-536-1:CNY50.00 |
| 本书论述了冀东民歌的起源与发展、冀东民歌的体裁与题材、冀东民歌的特点与演唱风格,还对部分冀东民歌谱例进行分析。全书收录24首作品,采用五线谱,并配有钢琴伴奏谱。 |
| ● |
| 相关链接 |
|
|
|
|
正题名:冀东民歌合唱作品精编
索取号:J642.222.2/235
 
预约/预借
| 序号 | 登录号 | 条形码 | 馆藏地/架位号 | 状态 | 备注 |
| 1 | 547886 | 205478865 | 第一样本阅览室/ [索取号:J642.222.2/235] | 在馆 | |
| 2 | 547887 | 205478874 | 音乐系资料室/ [索取号:J642.222.2/235] | 在馆 | |
| 3 | 547888 | 205478883 | 第一借阅区/ [索取号:J642.222.2/235] | 在馆 |